000 00525cam a2200181 4500500
005 20260405003732.0
041 _afre
042 _adc
100 1 0 _aGoron, Gaëtan
_eauthor
245 0 0 _aPhilocroisés #92
260 _c2023.
500 _a81
690 _aGaëtan Goron
690 _aJeu
690 _aMots croisés
786 0 _nPhilosophie magazine | 171 | 8 | 2023-07-01 | p. 73-73 | 1951-1787
856 4 1 _uhttps://shs.cairn.info/magazine-philosophie-magazine-2023-8-page-73?lang=fr&redirect-ssocas=7080
999 _c2070337
_d2070337